El senor presidente

Αποθηκεύτηκε σε:
Λεπτομέρειες βιβλιογραφικής εγγραφής
Κύριος συγγραφέας: Asturias, Miguel Angel
Μορφή: Βιβλίο
Γλώσσα:Spanish
Δημοσίευση: Buenos Aires : Losada, 1973, c1948
Έκδοση:18 ed.
Σειρά:Biblioteca clasica y contemporanea ; ; 343
Θέματα:
Ετικέτες: Προσθήκη ετικέτας
Δεν υπάρχουν, Καταχωρήστε ετικέτα πρώτοι!

MARC

LEADER 00000cam a2200000 i 4500
001 1/19167
008 120504s1948 spa d
035 |l 10112334 
040 |a GR-MY-UA  |b gre  |e aacr 
041 0 |a spa 
082 0 |a 863  |2 (22) 
100 1 |a Asturias, Miguel Angel. 
245 1 3 |a El senor presidente /  |c Miguel Angel Asturias 
250 |a 18 ed. 
260 |a Buenos Aires :   |b Losada,   |c 1973, c1948 
300 |a 298 σ.;  |c 18 εκ. 
490 1 |a Biblioteca clasica y contemporanea  |v ; 343 
650 0 0 |a Guatemalan fiction  |y 20th century. 
830 0 |a Biblioteca clasica y contemporanea ;  |v ; 343 
852 |a INST  |b SYROS  |e 20120504  |h 863 AST  |p 005500010108  |q 005500010108  |t BK  |y 0 
901 |a BIBL5-2012-1 
909 |a Ε  |b 169989 
970 |a ΤΣΟΥΚΑΛΑ  |b ΑΛΙΚΗ  |z 2012/05/04